PRACTICAL GUIDLINES FOR OBSTETRICS AND GYNAECOLOGY / (Record no. 797430)

MARC details
000 -LEADER
fixed length control field 00452pam a2200157 a 4500
020 ## - INTERNATIONAL STANDARD BOOK NUMBER
International Standard Book Number 0781710024
Terms of availability
041 ## - LANGUAGE CODE
Language code of original
082 ## - DEWEY DECIMAL CLASSIFICATION NUMBER
Classification number 618.2
Item number MOHAM
100 ## - MAIN ENTRY--PERSONAL NAME
Personal name MARGAB, G.HAMILTON, C .
245 ## - TITLE STATEMENT
Title PRACTICAL GUIDLINES FOR OBSTETRICS AND GYNAECOLOGY /
Statement of responsibility, etc. NULL.
Medium Textual Documents
250 ## - EDITION STATEMENT
Edition statement 2 ED/
Remainder of edition statement .
260 ## - PUBLICATION, DISTRIBUTION, ETC.
Place of publication, distribution, etc. NULL :
Name of publisher, distributor, etc. LIPPINCOTT WILLIAMS & WILKINS ,
Date of publication, distribution, etc. 2003.
300 ## - PHYSICAL DESCRIPTION
Extent 383 : :
Other physical details XII ; ;
Dimensions A4 . +
Accompanying material PB.
650 ## - SUBJECT ADDED ENTRY--TOPICAL TERM
Topical term or geographic name entry element OBST.GYNE
930 ## - EQUIVALENCE OR CROSS-REFERENCE-UNIFORM TITLE HEADING [LOCAL, CANADA]
Uniform title 2895
Holdings
Withdrawn status Lost status Damaged status Not for loan Collection Home library Current library Date acquired Source of acquisition Cost, normal purchase price Total Checkouts Full call number Barcode Date last seen Copy number Price effective from Koha item type
          Medical College & Hospital, Sangli Medical College & Hospital, Sangli 11/09/2008 B.M.S.G.B.PUNE 2122.14   618.2 MOHAM MCS-6792 26/07/2023 3 26/07/2023 Book
          Medical College & Hospital, Sangli Medical College & Hospital, Sangli 11/09/2008 B.M.S.G.B.PUNE 2122.14   618.2 MOHAM MCS-6791 26/07/2023 2 26/07/2023 Book
          Medical College & Hospital, Sangli Medical College & Hospital, Sangli 11/09/2008 B.M.S.G.B.PUNE 2122.14   618.2 MOHAM MCS-6790 26/07/2023 1 26/07/2023 Book